Sports Quiz

Random Sports or Soccer Quiz

Top Active Premier League Goalscorers Quiz Stats

 Plays Quiz Updated Jul 11, 2018

Challenge
Share
Tweet
Embed
Score 0/25 Timer 06:00
26 Plays Today
Current Team Player % Correct
Tottenham HotspurHarry Kane
98.4%
Manchester CitySergio Agüero
95.7%
Manchester UnitedRomelu Lukaku
95.5%
ChelseaEden Hazard
93.6%
Leicester CityJamie Vardy
92.3%
LiverpoolSadio Mané
86.5%
Manchester UnitedAlexis Sánchez
86.3%
ChelseaOlivier Giroud
86.2%
AFC BournemouthJermain Defoe
84.1%
West Ham UnitedJavier Hernández
83.9%
Manchester CityRaheem Sterling
83.3%
Manchester CityDavid Silva
83.3%
Tottenham HotspurChristian Eriksen
81.7%
Current Team Player % Correct
Crystal PalaceChristian Benteke
81.6%
Manchester UnitedJuan Mata
78.6%
ChelseaCesc Fàbregas
75.7%
EvertonGylfi Sigurdsson
73.3%
LiverpoolDaniel Sturridge
72.9%
SouthamptonShane Long
69.7%
West Ham UnitedAndy Carroll
68.9%
ArsenalDanny Welbeck
68.1%
LiverpoolJames Milner
62.4%
EvertonTheo Walcott
58.1%
Manchester UnitedAshley Young
48.2%
BurnleyJonathan Walters
34%

You're not logged in!

Compare scores with friends on all Sporcle quizzes.
Join for Free
OR
Log In

Show Comments

Extras

Top Quizzes Today


Score Distribution

Your Account Isn't Verified!

In order to create a playlist on Sporcle, you need to verify the email address you used during registration. Go to your Sporcle Settings to finish the process.

Report this User

Report this user for behavior that violates our Community Guidelines.

Details: